Una polémica sobre la calidad de la educación superior (Record no. 78602)
[ view plain ]
| 000 -CABECERA | |
|---|---|
| campo de control de longitud fija | 00649nam a2200217 a 4500 |
| 005 - FECHA Y HORA DE LA ÚLTIMA TRANSACCIÓN | |
| campo de control | 20240808063708.0 |
| 008 - ELEMENTOS DE LONGITUD FIJA--INFORMACIÓN GENERAL | |
| campo de control de longitud fija | 991125n 000 0 spa u |
| 035 ## - NÚMERO DE CONTROL DEL SISTEMA | |
| Número de control de sistema | UPN01000103320 |
| 100 1# - ASIENTO PRINCIPAL--NOMBRE PERSONAL | |
| Nombre de persona | Fernández, Alfredo L. |
| 222 ## - TÍTULO CLAVE | |
| Título clave | REVISTA DE LA EDUCACION SUPERIOR |
| 245 ## - MENCIÓN DE TÍTULO | |
| Título | Una polémica sobre la calidad de la educación superior |
| 300 ## - DESCRIPCIÓN FÍSICA | |
| Extensión | 193-204 |
| 362 0# - FECHAS DE PUBLICACIÓN Y/O DESIGNACIÓN SECUENCIAL | |
| Fecha de publicación y/o designación secuencial | 1991 Vol.20, no. 3(79), jul.-sep. |
| 653 0# - TERMINO DE INDIZACION - NO CONTROLADO | |
| Término no controlado | CALIDAD EDUCATIVA |
| 653 0# - TERMINO DE INDIZACION - NO CONTROLADO | |
| Término no controlado | EDUCACION SUPERIOR |
| 653 0# - TERMINO DE INDIZACION - NO CONTROLADO | |
| Término no controlado | POLITICA EDUCATIVA |
| 700 1# - ASIENTO SECUNDARIO--NOMBRE DE PERSONAL | |
| Nombre de persona | Landa, Josu, |
| Fechas asociadas al nombre | 1953- |
| Término indicativo de función/relación | coaut. |
| 9 (RLIN) | 40969 |
| 700 1# - ASIENTO SECUNDARIO--NOMBRE DE PERSONAL | |
| Nombre de persona | Santini, Laura |
| Término indicativo de función/relación | coaut. |
| 904 ## - ELEMENTOS DE DATOS D LOCAL, LDD (RLIN) | |
| a | AC |
| b | 041131 |
| 905 ## - TIPO DE MATERIAL | |
| Tipo de material | Articulo |
No items available.
